[Event "Open"]
[Site "Ascona SUI"]
[Date "2007.12.04"]
[Round "3"]
[White "Aranovitch,E"]
[Black "Chatalbashev,B"]
[Result "0-1"]
[WhiteElo "2402"]
[BlackElo "2581"]

1.e4 g6 2.d4 Bg7 3.Nc3 d6 4.Be3 a6 5.f4 b5 6.Be2 b4 7.Nb1 Nf6 8.e5 Nd5 9.Bd2 c5
10.Bf3 dxe5 11.dxe5 Ra7 12.c4 Nb6 13.Be3 Qxd1+ 14.Bxd1 Nxc4 15.Bxc5 Rc7 16.Bxb4 Nc6
17.Ba4 Bd7 18.Bxc6 Bxc6 19.Kf2 g5 20.b3 Nd6 21.Ne2 Nf5  0-1

[Event "FSIM December"]
[Site "Budapest HUN"]
[Date "2007.12.04"]
[Round "4"]
[White "Rapport,R"]
[Black "Kahn,E"]
[Result "0-1"]
[WhiteElo "2197"]
[BlackElo "2314"]

1.e4 d6 2.d4 g6 3.Nc3 Bg7 4.f4 Nd7 5.Nf3 c5 6.d5 a6 7.a4 Qc7 8.Nd2 Ngf6 9.Nc4 O-O
10.Be2 Rb8 11.a5 b5 12.axb6 Nxb6 13.O-O Nxc4 14.Bxc4 Rb4 15.Qe2 Nd7 16.Bxa6 Bxa6
17.Rxa6 Qb7 18.Ra2 Ra8 19.Rxa8+ Qxa8 20.Nb1 Qa4 21.c3 Rxe4 22.Qd3 f5 23.Nd2 Rxf4
24.Nf3 Ne5 25.Qd2 Nxf3+ 26.gxf3 Rh4 27.Qe1 Bf6 28.Qe2 Qc4 29.Qe6+ Kg7 30.Re1 Rh3
31.f4 Qd3 32.Be3 Qc2 33.Bf2 Rf3 34.Bg3 Rd3 35.Bf2 Rd1 36.b4 Rxe1+ 37.Qxe1 Qxc3
38.Qxc3 Bxc3 39.bxc5 dxc5 40.Bxc5 Kf6 41.d6 exd6 42.Bxd6 Ke6 43.Bb8 Bb4 44.Kg2 Bd6
45.Ba7 Bxf4 46.h3 g5 47.Kf3 Bc1 48.Bb6 h5 49.Bd8 g4+ 50.hxg4 hxg4+ 51.Kg3 Kd5
52.Bc7 Ke4 53.Bd6 Bb2 54.Kg2 Be5 55.Be7 f4 56.Bh4 f3+ 57.Kf2 g3+  0-1

[Event "Parsvnath ch-Commonwealth"]
[Site "New Delhi IND"]
[Date "2007.12.04"]
[Round "3"]
[White "Oliver,S"]
[Black "Srivastava,K"]
[Result "0-1"]
[WhiteElo "1940"]
[BlackElo "2105"]

1.e4 d6 2.d4 g6 3.Nc3 Bg7 4.Be3 c6 5.f4 Nd7 6.Nf3 Qc7 7.Bc4 b5 8.Bb3 e6 9.O-O a6
10.Kh1 Ne7 11.Qd2 d5 12.e5 c5 13.dxc5 Nxc5 14.Nd4 Bd7 15.Qf2 Rc8 16.a4 b4
17.Nce2 f6 18.exf6 Bxf6 19.Ng3 O-O 20.Rae1 Qd6 21.Bd2 Rb8 22.Qe3 Rfe8 23.Rf3 Nc6
24.Nge2 Na5 25.Ref1 Rb6 26.Rh3 Re7 27.f5 exf5 28.Qh6 Naxb3 29.cxb3 Rf7 30.Rg3 Bg7
31.Qh4 Ne4 32.Rh3 Nxd2 33.Qxh7+ Kf8 34.Re1 Ne4 35.Qh4 g5  0-1

[Event "Parsvnath ch-Commonwealth"]
[Site "New Delhi IND"]
[Date "2007.12.05"]
[Round "5"]
[White "Sharma,Di"]
[Black "Anand Reddy,K"]
[Result "1/2-1/2"]
[WhiteElo "2382"]
[BlackElo "2035"]

1.e4 g6 2.d4 Bg7 3.Nc3 d6 4.Bg5 a6 5.Qd2 Nd7 6.f4 b5 7.Nf3 Bb7 8.a3 c5 9.d5 Ngf6
10.Bd3 O-O 11.O-O c4 12.Be2 Qb6+ 13.Kh1 Nc5 14.Bxf6  1/2-1/2

[Event "Open"]
[Site "Ascona SUI"]
[Date "2007.12.06"]
[Round "5"]
[White "Kritz,L"]
[Black "Zozulia,A"]
[Result "1-0"]
[WhiteElo "2596"]
[BlackElo "2347"]

1.e4 g6 2.d4 Bg7 3.Nc3 d6 4.Be3 a6 5.Qd2 Nd7 6.f3 b5 7.h4 h5 8.Nh3 c5 9.Ng5 cxd4
10.Bxd4 Bxd4 11.Qxd4 Ngf6 12.a4 bxa4 13.Nxa4 O-O 14.Be2 Qc7 15.Qc3 Qxc3+
16.Nxc3 Bb7 17.O-O-O Rfc8 18.Rd4 Kg7 19.Rhd1 Ne5 20.Rb4 Bc6 21.Nh3 a5 22.Rb3 Rcb8
23.Ra3 Rb4 24.Nf4 Rab8 25.b3 Ra8 26.Kb2 Nfd7 27.Nfd5 Bxd5 28.Nxd5 Rb7 29.Rda1 Nc6
30.Ne3 Nc5 31.Kc3 Rc8 32.Kd2 e6 33.Nc4 d5 34.Nd6 Rd8 35.Nxb7 Nxb7 36.exd5 Rxd5+
37.Kc3 Rc5+ 38.Kb2 Nb4 39.Bc4 Nd6 40.Rxa5  1-0

[Event "Parsvnath ch-Commonwealth"]
[Site "New Delhi IND"]
[Date "2007.12.06"]
[Round "6"]
[White "Bavankumar"]
[Black "Khegay,A"]
[Result "1-0"]
[WhiteElo "1949"]
[BlackElo "2218"]

1.e4 g6 2.d4 Bg7 3.Nc3 d6 4.Bc4 Nf6 5.Nf3 O-O 6.O-O Bg4 7.h3 Bxf3 8.Qxf3 Nc6
9.Be3 e5 10.dxe5 Nxe5 11.Qe2 Nxc4 12.Qxc4 Re8 13.Rad1 h6 14.Bd4 c6 15.Qd3 Qe7
16.Rfe1 Red8 17.f4 Nh5 18.Bxg7 Kxg7 19.Qf3 Qh4 20.Ne2 Kg8 21.Kh2 Qf6 22.c3 Qe6
23.b3 a5 24.Nd4 Qf6 25.Rf1 a4 26.b4 Re8 27.Rde1 Ng7 28.Qg3 Rad8 29.e5 Qe7
30.e6 Qf6 31.f5 g5 32.exf7+ Kxf7 33.Re6 Nxe6 34.fxe6+ Rxe6 35.Rxf6+ Rxf6
36.Qd3 Kg7 37.Nf5+ Kf7 38.Ng3 b5 39.Nh5 Rf2 40.Qh7+ Ke6 41.Ng7+ Ke5 42.Qxh6 Rdf8
43.Qe6+ Kf4 44.Nh5+  1-0

[Event "Open"]
[Site "Ascona SUI"]
[Date "2007.12.07"]
[Round "7"]
[White "Sabirova,O"]
[Black "Paleologu,V"]
[Result "1-0"]
[WhiteElo "2256"]
[BlackElo "2142"]

1.e4 g6 2.d4 d6 3.Nc3 Bg7 4.f4 a6 5.a4 b6 6.Nf3 e6 7.Bc4 h6 8.O-O Ne7 9.d5 O-O
10.Nd4 c5 11.dxc6 Nbxc6 12.Nxc6 Nxc6 13.Be3 Qc7 14.Ba2 Ne7 15.Qd2 Bb7 16.Bd4 Bxd4+
17.Qxd4 Qc5 18.Rad1 Rfd8 19.Rf2 Nc6 20.Qf6 Re8 21.f5 Ne5 22.fxg6 fxg6 23.Kh1 b5
24.Bxe6+ Kh7 25.Rdf1 b4 26.Nd5 Bxd5 27.Bxd5 Ra7 28.Qh4 Qd4 29.b3 Rg7 30.h3 Qb6
31.Rf8 Qb8 32.Rxe8 Qxe8 33.Qf6 Qe7 34.Qxe7 Rxe7 35.Rf8 Rc7 36.Ra8 Rxc2 37.Rxa6 h5
38.Rxd6 h4 39.a5 Kh6 40.Kg1 Nd3 41.a6 Rc1+ 42.Kh2 Ra1 43.Bb7 Nf2 44.g3 Ra2
45.e5 Ng4+ 46.Kg1 Nxe5 47.gxh4 Nc4 48.bxc4 b3 49.Rb6 Kh5 50.Rxb3 Kxh4 51.c5  1-0

[Event "Open"]
[Site "Ascona SUI"]
[Date "2007.12.07"]
[Round "7"]
[White "Abergel,T"]
[Black "Chatalbashev,B"]
[Result "0-1"]
[WhiteElo "2528"]
[BlackElo "2581"]

1.e4 g6 2.d4 Bg7 3.Nc3 d6 4.f4 Nf6 5.Nf3 O-O 6.Bd3 Nc6 7.e5 dxe5 8.fxe5 Nd7
9.O-O Nb6 10.Ne2 f6 11.exf6 exf6 12.c3 Be6 13.b3 Bf7 14.Qd2 Re8 15.Bb2 Qe7
16.Rfe1 Qf8 17.c4 Bh6 18.Qd1 Rad8 19.a3 Be3+ 20.Kh1 Qh6 21.Qc2 a5 22.d5 Ne5
23.Nxe5 fxe5 24.Rf1 c6 25.dxc6 bxc6 26.Rf3 Nd7 27.Raf1 Nc5 28.Rh3 Qg5 29.Rg3 Qh6
30.Rh3 Qxh3 31.gxh3 Nxd3 32.Qc3 Bd2 33.Qc2 Be6 34.Bd4 Bxh3 35.Rd1 Rxd4 36.Rxd2 Ne1
37.Nxd4 Nxc2 38.Nxc2 Rf8 39.Ne3 Rf3 40.Re2 c5 41.Kg1 Kg7 42.Re1 h5 43.Nd5 e4
44.b4 axb4 45.axb4 cxb4 46.Nxb4 e3 47.Nd3 Rf5  0-1

[Event "Bali Torneo de las Estrellas"]
[Site "Benidorm ESP"]
[Date "2007.12.08"]
[Round "6"]
[White "Fedorchuk,S"]
[Black "Tkachiev,V"]
[Result "1/2-1/2"]
[WhiteElo "2645"]
[BlackElo "2661"]

1.e4 d6 2.d4 g6 3.Nc3 Bg7 4.Be3 c6 5.Nf3 Nf6 6.h3 O-O 7.Bd3 Nbd7 8.Qd2 e5
9.O-O Re8 10.Rfe1 b5 11.Bh6 a6 12.a4 Bb7 13.axb5 axb5 14.Rxa8 Bxa8 15.Bxg7 Kxg7
16.b4 Qb6 17.Ne2 c5 18.bxc5 dxc5 19.dxc5 Nxc5 20.Ng3 Bb7 21.Qb4 Bc6 22.Rb1 Qa7
23.Qb2 Na4 24.Qa1 Qc5 25.Rb3 Bd7 26.Nf1 Bc6 27.Ng3 Nd7 28.Ne2 f6 29.Nc3 Nxc3
30.Qxc3 Ra8 31.Qb2 Ra5 32.Nd2 Qd4 33.Qxd4 exd4 34.Nf3 Nc5 35.Rb4 Bxe4 36.Bxe4 Nxe4
37.Rxd4 Ra1+ 38.Kh2 Nxf2 39.Kg3 Nd1 40.Rd3 b4 41.Rb3 Ra4 42.Nd4 Nc3 43.Nc6 Nd5
44.Rd3 Ra6 45.Rxd5 Rxc6 46.Rd4 Rb6 47.Rd3 Rc6 48.Rd4 Rc3+ 49.Kh2 Rxc2 50.Rxb4 g5
51.h4 h6 52.Kh3 Kg6 53.Rb6 Rc3+ 54.g3 Re3 55.Ra6 Kf5 56.Ra5+ Re5 57.Ra4 Rd5
58.Rb4 Ke5 59.hxg5 hxg5 60.Kg4 Ke6 61.Rb6+ Rd6 62.Rb4 Rd3 63.Rb6+ Kf7 64.Kf5 Rf3+
65.Kg4 Ra3 66.Kf5 Ra5+ 67.Kg4 Kg6 68.Rc6 Ra4+ 69.Kh3 Ra3 70.Kg4 Rd3 71.Ra6 Rd4+
72.Kh3 Kf5 73.g4+ Ke5 74.Kg3 Rd3+ 75.Kg2 Rd6 76.Ra4 Rd4 77.Ra5+ Ke4 78.Ra6 Rd2+
79.Kg3 Rd3+ 80.Kg2 Ke5 81.Ra5+ Rd5 82.Ra6 Rd6 83.Ra4 Rd4 84.Ra5+ Kf4 85.Rf5+ Kxg4
86.Rxf6 Rd2+ 87.Kg1 Kg3 88.Rf1  1/2-1/2

[Event "Parsvnath ch-Commonwealth"]
[Site "New Delhi IND"]
[Date "2007.12.08"]
[Round "8"]
[White "Patil,Pr2"]
[Black "Khegay,A"]
[Result "0-1"]
[WhiteElo "1947"]
[BlackElo "2218"]

1.e4 g6 2.d4 Bg7 3.Nc3 d6 4.f4 Nf6 5.Nf3 O-O 6.Bd3 Na6 7.O-O c5 8.d5 Nc7
9.Qe1 a6 10.Na4 c4 11.Be2 b5 12.Nb6 Rb8 13.Nxc8 Qxc8 14.Nd4 Qd7 15.c3 Nxe4
16.Nc6 Rbe8 17.Bg4 f5 18.Qxe4 Qxc6 19.dxc6 fxe4 20.Bd7 Rd8 21.Re1 d5 22.Be3 Rxd7
23.cxd7 Rd8 24.Bb6 Rxd7 25.Rad1 Ne6 26.Be3 b4 27.Bd2 Nc5 28.Rf1 Nd3 29.Rb1 e6
30.a3 a5 31.g3 Kf7 32.Kg2 Nxb2 33.axb4 axb4 34.Rxb2 bxc3 35.Bxc3 Bxc3 36.Rc2 d4
37.Rfc1 Rc7 38.Re2 d3 39.Rxc3 dxe2 40.Kf2 e5 41.Kxe2 exf4 42.gxf4 Ke6 43.Ke3 Kd5
44.Rc1 c3 45.Rc2  0-1

[Event "Parsvnath ch-Commonwealth"]
[Site "New Delhi IND"]
[Date "2007.12.08"]
[Round "8"]
[White "Nadig,K"]
[Black "Roktim,B"]
[Result "1/2-1/2"]
[WhiteElo "2208"]
[BlackElo "2373"]

1.e4 g6 2.d4 Bg7 3.Nc3 d6 4.f4 c6 5.a4 d5 6.e5 Nh6 7.a5 f6 8.Nf3 O-O 9.Be2 Bg4
10.O-O Nf5 11.h3 Bxf3 12.Bxf3 e6 13.b4 Nd7 14.Re1 a6 15.Bg4 fxe5 16.fxe5 Qh4
17.Ne2 h5 18.Bxf5 Rxf5 19.Be3 Raf8 20.Qd2 g5 21.Rf1 g4 22.Rxf5 Rxf5 23.Qe1 Qxe1+
24.Rxe1 gxh3 25.Nf4 Nf8 26.Nxh3 Ng6 27.Ng5 Nf8 28.Nh3 Ng6 29.Bg5 Bf8 30.c3 Kf7
31.Rf1 Rxf1+ 32.Kxf1 Ke8 33.Kf2 Kf7 34.Kg3 Ke8 35.Kf3 Kf7 36.Nf2 Ne7 37.Nd3 Ng6
38.Nf2 Kg8 39.Nh1 Kh7 40.Ng3 Bh6 41.Bxh6 Kxh6 42.Nf1 Kg5 43.Nd2 Nf8 44.Nb3 Nd7
45.Nc1 Nf8 46.g3 h4 47.gxh4+ Kxh4 48.Nd3 Nd7 49.Nf4 Nf8 50.Nd3 Nd7 51.Nb2 Kg5
52.c4 Kf5 53.cxd5 cxd5 54.Nd3 Kg5 55.Nf4 Kf5 56.Ne2 Nb8 57.Nc3 Nc6 58.Ke3 Nxb4
59.Na4 Nc6 60.Nc5 Nxa5 61.Kd3 Nc6 62.Nxb7 a5 63.Nc5 Nxe5+ 64.dxe5 Kxe5 65.Kc3 Kf6
66.Kd4 Kf5 67.Na4 e5+ 68.Kxd5 e4 69.Nc3 e3 70.Ne2 a4 71.Kc4 Ke4 72.Kb4 Kd3
73.Nf4+ Kd2 74.Kxa4 e2 75.Nxe2 Kxe2  1/2-1/2

[Event "ch-Marshall CC"]
[Site "New York USA"]
[Date "2007.12.09"]
[Round "4"]
[White "Hess,Ro"]
[Black "Treger,E"]
[Result "1-0"]
[WhiteElo "2445"]
[BlackElo "2196"]

1.e4 g6 2.d4 Bg7 3.Nc3 d6 4.Bg5 h6 5.Bh4 c6 6.Qd2 Nd7 7.f4 b5 8.e5 Nb6 9.Nf3 Bf5
10.Bd3 Nc4 11.Qe2 Nxb2 12.Bxf5 gxf5 13.O-O Qd7 14.Rfb1 b4 15.Rxb2 bxc3 16.Rb3 dxe5
17.dxe5 Rd8 18.Rxc3 Qb7 19.Rb3 Qc8 20.Rab1 Qe6 21.Rb8 Qxa2 22.Nd4 Rxb8 23.Rxb8+ Kd7
24.Qd1 Kc7 25.Ne6+ Kxb8 26.Qd8+ Kb7 27.Nc5+  1-0

[Event "KNSB TCh-NED 2007-8"]
[Site "Netherlands NED"]
[Date "2007.12.15"]
[Round "5"]
[White "Rietman,F"]
[Black "Pel,B"]
[Result "1/2-1/2"]
[WhiteElo "2227"]
[BlackElo "2280"]

1.e4 g6 2.d4 d6 3.Nc3 Bg7 4.Be3 a6 5.f4 b5 6.Nf3 Bb7 7.Bd3 Nd7 8.Qe2 c5 9.dxc5 Nxc5
10.Bxc5 Bxc3+ 11.bxc3 dxc5 12.e5 Qb6 13.a4 bxa4 14.Nd2 Nh6 15.Nc4 Qe6 16.Rb1 Bd5
17.Rb6 Qd7 18.Ne3 O-O 19.Nxd5 Qxd5 20.Be4 Qd8 21.Rxa6 Rxa6 22.Qxa6 Qb8 23.O-O Qb2
24.Qxa4 Qxc3 25.Bd3 Ng4 26.Qe4 c4 27.Be2 Ne3 28.Rf3 Qa1+ 29.Bf1 Nxf1 30.Rxf1 Qc3
31.f5 Rd8 32.e6 Qd4+ 33.Qxd4 Rxd4 34.fxg6 fxg6 35.Rf7 Rd2 36.Rxe7 Rxc2 37.Rc7 Re2
38.Rxc4  1/2-1/2

[Event "KNSB TCh-NED 2007-8"]
[Site "Netherlands NED"]
[Date "2007.12.15"]
[Round "5"]
[White "Kleijn,C"]
[Black "Deleyn,G"]
[Result "1/2-1/2"]
[WhiteElo "2210"]
[BlackElo "2303"]

1.e4 g6 2.d4 Bg7 3.Nc3 d6 4.Be3 a6 5.f4 b5 6.Nf3 e6 7.Bd3 Ne7 8.a4 b4 9.Na2 a5
10.c3 bxc3 11.Nxc3 O-O 12.O-O Nbc6 13.Rc1 Nb4 14.Bb1 c6 15.Rf2 Qb6 16.Qd2 Qb7
17.Nh4 f5 18.e5 Ned5 19.Nf3 Qa7 20.Nxd5 cxd5 21.exd6 Qd7 22.b3 Qxd6 23.Rc5 Bd7
24.Rf1 Rfb8 25.Ne5 Be8 26.Rfc1 Qb6 27.Bf2 Bf8 28.R5c3 Rd8 29.Bd3 Rd6 30.Bf1 Rb8
31.Be1 Qd8 32.Nd3 Nxd3 33.Rxd3 Ra8 34.Rc5 Rda6 35.Re3 R6a7 36.Rxe6 Bf7 37.Rec6 Bxc5
38.dxc5 Re7 39.Bh4 Qe8 40.Bb5 Rb7 41.Ra6 Qc8 42.Rxa8 Qxa8 43.Bc6 Qc8 44.Bxb7 Qxb7
45.Qc3 d4 46.Qxd4 Qd5 47.Qc3 Qxb3 48.Qxa5 Qd1+ 49.Be1 Be8 50.h3 Qd4+ 51.Bf2 Qxf4
52.Qd8 Qxa4 53.Bd4 Qc6 54.Qe7 Bf7 55.Be5 Qe6 56.Qd8+ Be8 57.Bd6 Qd7 58.Qf6 Qg7
59.Qe6+ Qf7 60.Qe5 Bd7 61.Be7 Qe6 62.Qb8+ Bc8 63.Bd6 g5 64.c6 f4 65.Kh2 f3
66.gxf3  1/2-1/2

[Event "KNSB TCh-NED 2007-8"]
[Site "Netherlands NED"]
[Date "2007.12.15"]
[Round "5"]
[White "Smerdon,D"]
[Black "Van Putten,H"]
[Result "1-0"]
[WhiteElo "2466"]
[BlackElo "2271"]

1.e4 g6 2.d4 d6 3.Nc3 Bg7 4.Be3 a6 5.Qd2 Nd7 6.h4 h5 7.Nh3 b5 8.Ng5 Bb7 9.a4 c6
10.f4 Nh6 11.e5 d5 12.e6 Nf8 13.exf7+ Nxf7 14.Nxf7 Kxf7 15.g4 hxg4 16.Be2 Qd7
17.O-O-O Nh7 18.Rdg1 Nf6 19.Nd1 Bc8 20.Nf2 Qd6 21.Nd3 Ne4 22.Qa5 Qd8 23.Qxd8 Rxd8
24.Bxg4 Bxg4 25.Rxg4 Bf6 26.a5 Rdc8 27.Rhg1 c5 28.Rxg6 cxd4 29.Ne5+ Ke6 30.Bxd4 Kf5
31.h5 Rc4 32.Nxc4 Bxd4 33.Nb6 Rh8 34.Nxd5 Bxg1 35.Nxe7+ Kxf4 36.Rxg1 Rxh5
37.Rf1+ Ke3 38.Re1+ Kf3 39.Nc6 Rh6 40.Nb4 Nc5 41.b3 Nb7 42.Kb2 Nxa5 43.Ra1 Nb7
44.Nxa6 Rh4 45.Rd1 Rh6 46.Nc7 Rh5 47.Rd7 Nc5 48.Rf7+ Ke3 49.Re7+ Kd2 50.Re8 b4
51.Rd8+ Ke3 52.Nd5+  1-0

[Event "7th Amplico AIG Life"]
[Site "Warsaw POL"]
[Date "2007.12.15"]
[Round "1"]
[White "Kogan,Ar"]
[Black "Mierska,A"]
[Result "1-0"]
[WhiteElo "2590"]
[BlackElo "1864"]

1.d4 g6 2.e4 Bg7 3.Nc3 d6 4.Be3 Nd7 5.Qd2 c5 6.O-O-O Qc7 7.Nd5 Qd8 8.dxc5 Nxc5
9.Bxc5 dxc5 10.Nf6+ Nxf6 11.Qxd8+  1-0

[Event "7th Amplico AIG Life"]
[Site "Warsaw POL"]
[Date "2007.12.15"]
[Round "3"]
[White "Szymanski,P1"]
[Black "Zawadzki,S"]
[Result "0-1"]
[WhiteElo "2210"]
[BlackElo "2415"]

1.d4 d6 2.e4 g6 3.Nc3 Bg7 4.Bc4 Nf6 5.Qe2 O-O 6.Nf3 Bg4 7.O-O Nc6 8.Be3 e5
9.dxe5 Nxe5 10.Bf4 Nfd7 11.Bb3 c6 12.Qe3 Bxf3 13.gxf3 Nc5 14.Bg3 Qe7 15.Rad1 a5
16.a4 Nxb3 17.cxb3 h5 18.f4 h4 19.fxe5 hxg3 20.hxg3 Bxe5 21.Kg2 Rfe8 22.Rfe1 Qe6
23.f4 Bg7 24.Nb1 Bxb2 25.Nd2 Ba3 26.Nc4 Bb4 27.Re2 Bc5 28.Qf3 d5 29.Ne5 dxe4
30.Qxe4 Rad8 31.Red2 Rxd2+ 32.Rxd2 Bd6 33.Rd3 Bxe5 34.fxe5 Qxe5 35.Qxe5 Rxe5
36.Rd7 b5 37.axb5 Rxb5 38.Rc7 Rxb3 39.Rxc6 a4 40.Ra6 a3 41.Kh3 Kg7 42.Kg4 Rc3
43.Kf4 Kh6 44.g4 Rc4+ 45.Kg3 Rc3+ 46.Kf4 f6 47.Ra7 Rc4+ 48.Kg3 Rc3+ 49.Kf4 Rb3
50.Ra8 g5+ 51.Kf5 Rf3+ 52.Ke6 Kg7 53.Ra7+ Kg6 54.Ra8 Re3+ 55.Kd5 Rg3 56.Ra4 a2  0-1

[Event "7th Amplico AIG Life"]
[Site "Warsaw POL"]
[Date "2007.12.15"]
[Round "4"]
[White "Toma,K"]
[Black "Rajlich,I"]
[Result "1/2-1/2"]
[WhiteElo "2283"]
[BlackElo "2411"]

1.e4 g6 2.d4 Bg7 3.Nc3 d6 4.Bc4 Nd7 5.Qf3 e6 6.Nge2 Nb6 7.Bb3 Qf6 8.Qg3 Qe7
9.O-O Nf6 10.f4 c5 11.dxc5 dxc5 12.e5 Nfd5 13.Bxd5 exd5 14.a4 d4 15.a5 Nc4
16.Nd5 Qd8 17.Nf6+ Bxf6 18.exf6 Bf5 19.b3 Nd6 20.Ba3 Qxf6 21.Qe1 O-O 22.Bxc5 Nb5
23.Qb4 d3 24.Ng3 Rfc8 25.Qxb5 dxc2 26.Be3 Qc3 27.Nxf5 gxf5 28.Qxf5  1/2-1/2

[Event "ch-RSA"]
[Site "Milnerton RSA"]
[Date "2007.12.16"]
[Round "4"]
[White "Kobese,W"]
[Black "Solomons,D"]
[Result "1-0"]
[WhiteElo "2389"]
[BlackElo "2231"]

1.e4 g6 2.d4 Bg7 3.Nc3 d6 4.Nf3 a6 5.a4 b6 6.h3 Bb7 7.Be3 Nd7 8.Bd3 Ngf6
9.Qd2 e5 10.Bh6 Bxh6 11.Qxh6 Qe7 12.O-O Qf8 13.Qe3 Qg7 14.dxe5 dxe5 15.Bc4 O-O
16.Rfd1 Rae8 17.a5 b5 18.Bb3 c5 19.Bd5 Nxd5 20.Nxd5 f6 21.Nc7 Re7 22.Rd6 Rc8
23.Nxa6 Qf7 24.b3 c4 25.Nb4 Nc5 26.Nd5 Re6 27.Rxe6 Qxe6 28.bxc4 bxc4 29.Nc3 Qa6
30.Nd2 Ne6 31.Qb6 Rc6 32.Qxa6 Rxa6 33.Rb1 Ra7 34.Nxc4 Ba6 35.Ne3 Nd4 36.Ncd5 Kg7
37.Rb6 Be2 38.c3 Nb5 39.a6 Kh6 40.f3 Na3 41.Rb7  1-0

[Event "7th Amplico AIG Life"]
[Site "Warsaw POL"]
[Date "2007.12.16"]
[Round "9"]
[White "Szczepinski,M"]
[Black "Shkuran,D"]
[Result "0-1"]
[WhiteElo "2304"]
[BlackElo "2429"]

1.e4 g6 2.d4 Bg7 3.Nc3 d6 4.Be3 Nf6 5.f3 c6 6.Qd2 O-O 7.O-O-O b5 8.Bh6 b4
9.Nce2 Qa5 10.Kb1 Ba6 11.Bxg7 Kxg7 12.h4 h5 13.a3 c5 14.e5 Nfd7 15.Nf4 Bxf1
16.Rxf1 dxe5 17.Nxh5+ Kh7 18.Ng3 Nc6 19.h5 g5 20.Qxg5 e6 21.Nf5 exf5 22.h6 Rg8
23.Qxf5+ Kh8 24.Qxd7 Nxd4 25.Qd6 Qb6 26.Qxb6 axb6 27.axb4 Rxg2 28.Rc1 cxb4
29.Rh4 b3 30.Rxd4 bxc2+  0-1

[Event "7th Amplico AIG Life"]
[Site "Warsaw POL"]
[Date "2007.12.16"]
[Round "10"]
[White "Lewandowski,Ra"]
[Black "Chomet,P"]
[Result "0-1"]
[WhiteElo "2190"]
[BlackElo "2333"]

1.e4 g6 2.d4 Bg7 3.Nc3 d6 4.Be3 c6 5.f3 b5 6.Qd2 Nd7 7.h4 h5 8.Bd3 Nb6 9.Nh3 Bxh3
10.Rxh3 Nf6 11.Ne2 e6 12.Bg5 Qc7 13.f4 d5 14.exd5 Nbxd5 15.Bxf6 Bxf6 16.Be4 Kf8
17.Bxd5 cxd5 18.Rc3 Qb6 19.g3 Kg7 20.O-O-O b4 21.Rd3 a5 22.Ng1 Rhc8 23.Nf3 a4
24.Kb1 Rc7 25.Ne5 Rac8 26.Rc1 a3 27.Rb3 axb2 28.Rxb2 Rc3 29.Nd7 Qxd4 30.Qxd4 Bxd4
31.Rxb4 Bf2 32.g4 hxg4 33.Ne5 g3 34.Nd3 Rxd3  0-1

[Event "4th SICC Masters"]
[Site "Singapore SIN"]
[Date "2007.12.17"]
[Round "1"]
[White "Lim Yee Weng"]
[Black "Azmaiparashvili,Z"]
[Result "0-1"]
[WhiteElo "2336"]
[BlackElo "2606"]

1.e4 d6 2.d4 g6 3.Nc3 Bg7 4.Bg5 a6 5.Nf3 b5 6.Bd3 Nd7 7.a4 b4 8.Ne2 Bb7 9.O-O Ngf6
10.Ng3 e5 11.c3 exd4 12.cxd4 h6 13.Bd2 c5 14.Bf4 Qe7 15.Nh4 Bf8 16.dxc5 dxc5
17.Nf3 Ng4 18.Re1 Nge5 19.Nf5 Qf6 20.Bg3 Nxf3+ 21.Qxf3 Ne5 22.Qe2 Nxd3 23.Qxd3 gxf5
24.exf5+ Be7 25.Bd6 O-O-O  0-1

[Event "Harmonie Open A"]
[Site "Groningen NED"]
[Date "2007.12.21"]
[Round "1"]
[White "Hendriks,W"]
[Black "Hoffman,Ro"]
[Result "1-0"]
[WhiteElo "2401"]
[BlackElo "2158"]

1.e4 g6 2.d4 Bg7 3.Nc3 d6 4.Bg5 a6 5.Nf3 b5 6.a4 b4 7.Nd5 Bb7 8.Bd3 a5 9.c3 c6
10.Ne3 bxc3 11.bxc3 Nd7 12.O-O Qc7 13.Re1 e5 14.Nc4 Ngf6 15.Rb1 Ba6 16.Nxd6+ Qxd6
17.Bxa6 Rxa6 18.dxe5 Qxd1 19.Rexd1 O-O 20.exf6 Nxf6 21.Nd2 Ng4 22.h3 Ne5
23.f4 h6 24.Be7 Re8 25.Bd6 Nd7 26.e5 f6 27.Rb7 Nb6 28.Ne4 Nd5 29.c4 Ne3 30.Nxf6+  1-0

[Event "Harmonie Open A"]
[Site "Groningen NED"]
[Date "2007.12.22"]
[Round "2"]
[White "Hoffman,Ro"]
[Black "Pel,B"]
[Result "0-1"]
[WhiteElo "2158"]
[BlackElo "2280"]

1.e4 d6 2.d4 g6 3.Nc3 Bg7 4.Be3 a6 5.a4 Nf6 6.h3 O-O 7.Nf3 b6 8.Bc4 Nxe4
9.Nxe4 d5 10.Bd3 dxe4 11.Bxe4 Ra7 12.O-O Nd7 13.Qd2 Nf6 14.Bd3 Bb7 15.c4 Bxf3
16.gxf3 Nh5 17.Be2 e5 18.dxe5 Qxd2 19.Bxd2 Bxe5 20.Be3 Raa8 21.a5 Rfb8 22.axb6 cxb6
23.Rfd1 a5 24.Ra2 Nf4 25.Bf1 Ne6 26.Rd5 Bf4 27.Rb5 Bc7 28.Ra1 Kf8 29.h4 f5
30.Re1 Nf4 31.c5 Re8 32.cxb6 Bd6 33.Rd1 Bb8 34.Rd7 Ne6 35.Bh6+ Kg8 36.Bc4 a4
37.Rd1 Kf7 38.Rbd5 Kf6 39.Rd7 Bf4 40.Bxe6 Bxh6 41.Bd5 Rad8 42.Bc4  0-1

[Event "Abierto"]
[Site "Pamplona ESP"]
[Date "2007.12.26"]
[Round "5"]
[White "Munoz Arana,M"]
[Black "Rivero Ojeda,C"]
[Result "0-1"]
[WhiteElo "2108"]
[BlackElo "2326"]

1.e4 g6 2.d4 Bg7 3.Nc3 d6 4.Be3 a6 5.Qd2 Nd7 6.O-O-O b5 7.f3 Bb7 8.g4 Rc8
9.Nce2 h6 10.h4 c5 11.dxc5 Nxc5 12.Ng3 Qc7 13.N1e2 b4 14.Bxc5 Qxc5 15.Kb1 e6
16.f4 Nf6 17.Nc1 Nxe4 18.Nxe4 Bxe4 19.Rh2 O-O 20.h5 g5 21.Bxa6 Ra8 22.Bf1 Rfc8
23.Nd3 Qa7 24.Nxb4 Rxc2 25.Qxc2 Bxc2+ 26.Rxc2 gxf4 27.Bg2 d5 28.Rdc1 Bf8  0-1

[Event "3rd ch-BIH"]
[Site "Sarajevo BIH"]
[Date "2007.12.26"]
[Round "9"]
[White "Stojanovic,Da"]
[Black "Nurkic,S"]
[Result "0-1"]
[WhiteElo "2510"]
[BlackElo "2415"]

1.e4 g6 2.d4 Bg7 3.Nc3 d6 4.Bg5 c6 5.Qd2 Qa5 6.f4 b5 7.Nf3 b4 8.Nd1 Nf6 9.Nf2 O-O
10.Bd3 c5 11.e5 Nd5 12.Be4 cxd4 13.Nxd4 e6 14.O-O dxe5 15.fxe5 Ba6 16.Rfd1 Bb7
17.Ng4 Nd7 18.Bh6 Qb6 19.Bxg7 Kxg7 20.Bxd5 exd5 21.Re1 h5 22.e6 hxg4 23.exd7 Rad8
24.Re7 Bc6 25.Kh1 Bxd7 26.Rf1 Qd6 27.Qg5 Rde8 28.Rfe1 Qf6 29.Qxf6+ Kxf6 30.Rxe8 Rxe8
31.Rf1+ Kg7 32.Kg1 Re4 33.Rd1 f5 34.Nb3 Bc6 35.Kf2 Kf6 36.Nd4 Bd7 37.c3 bxc3
38.bxc3 f4 39.Rb1 Re3 40.Ne2 g5 41.Rb7 Bf5 42.Rc7 Bd3 43.Nd4 Bc4 44.Rc6+ Kf7
45.Rc7+ Ke8 46.g3 Rxc3 47.gxf4 gxf4 48.Ne6 f3  0-1

[Event "16th Donau Open"]
[Site "Aschach Donau AUT"]
[Date "2007.12.27"]
[Round "2"]
[White "Rapport,R"]
[Black "Lau,Ra"]
[Result "1-0"]
[WhiteElo "2197"]
[BlackElo "2468"]

1.e4 g6 2.d4 Bg7 3.Nc3 d6 4.f4 c6 5.Nf3 Bg4 6.Be3 Qb6 7.Rb1 Nd7 8.Be2 Bxf3
9.Bxf3 e5 10.Ne2 Ngf6 11.Qd2 Qa6 12.Nc3 O-O 13.Be2 Qa5 14.O-O exd4 15.Qxd4 Nd5
16.Qd2 Nxe3 17.Qxe3 Rae8 18.Qh3 Qd8 19.Rbd1 Nc5 20.e5 Qb6 21.Kh1 Qxb2 22.Rxd6 Qxc2
23.Qe3 Ne6 24.Rd2 Qxd2 25.Qxd2 f6 26.Bc4 Kh8 27.Qd6 fxe5 28.fxe5 Rxf1+ 29.Bxf1 Nf8
30.Qc7 Rxe5 31.Qxb7 Re1 32.Qf7 h5 33.g3 Kh7 34.Kg2 Re3 35.Nd1 Re1 36.Nf2 a5
37.Nh3 Re5 38.Bd3  1-0

[Event "37th Rilton Cup"]
[Site "Stockholm SWE"]
[Date "2007.12.27"]
[Round "1"]
[White "Berg,E"]
[Black "Angskog,K"]
[Result "1-0"]
[WhiteElo "2593"]
[BlackElo "2271"]

1.e4 g6 2.d4 Bg7 3.Nc3 d6 4.Be3 a6 5.h4 h5 6.Qd2 b5 7.Nh3 Bxh3 8.Rxh3 Nd7
9.O-O-O Ngf6 10.f3 c6 11.Kb1 Qa5 12.g3 Nb6 13.Bd3 Rb8 14.Ne2 b4 15.Nc1 Na4
16.Nb3 Qb6 17.Qe2 a5 18.g4 O-O 19.g5 Nd7 20.f4 c5 21.e5 Rfc8 22.e6 fxe6 23.Bxg6 Nf8
24.Qxh5 Nxg6 25.Qxg6 Nxb2 26.h5 Kf8 27.h6  1-0

[Event "Harmonie Open A"]
[Site "Groningen NED"]
[Date "2007.12.29"]
[Round "8"]
[White "Kodentsov,G"]
[Black "Pel,B"]
[Result "0-1"]
[WhiteElo "2307"]
[BlackElo "2280"]

1.e4 d6 2.d4 g6 3.Nc3 Bg7 4.f4 a6 5.Nf3 b5 6.Bd3 Nd7 7.e5 c5 8.Be4 Rb8 9.Be3 b4
10.Ne2 Qc7 11.c3 bxc3 12.bxc3 Nh6 13.O-O O-O 14.h3 Bb7 15.Ng3 Nb6 16.dxc5 Nc4
17.cxd6 exd6 18.exd6 Nxd6 19.Bxb7 Nhf5 20.Nxf5 Nxf5 21.Bf2 Rxb7 22.Qa4 a5
23.Rab1 Rxb1 24.Rxb1 Qxc3 25.Qe4 Rc8 26.Rd1 Bf8 27.Qb7 Qc2 28.Re1 Bb4 29.Rf1 Nd6
30.Qd7 Qxa2 31.Ng5 Qd5 32.Re1 Bxe1  0-1

[Event "37th Rilton Cup"]
[Site "Stockholm SWE"]
[Date "2008.01.02"]
[Round "6"]
[White "Bejtovic,J"]
[Black "Karlsson,L"]
[Result "0-1"]
[WhiteElo "2307"]
[BlackElo "2485"]

1.e4 d6 2.d4 g6 3.Nc3 Bg7 4.f4 Nf6 5.e5 Nfd7 6.Nf3 O-O 7.h4 c5 8.h5 cxd4
9.Qxd4 dxe5 10.Qf2 e6 11.hxg6 fxg6 12.Ng5 exf4 13.Nxh7 Bxc3+ 14.bxc3 Rf7
15.Bd2 Qe7 16.O-O-O Nc6 17.g3 Rxh7 18.Rxh7 Qxh7 19.Bxf4 Qg7 20.Qe3 Nf6 21.Bg2 e5
22.Bxc6 exf4 23.Bd5+ Kf8 24.Qxf4 Bf5 25.Bb3 Ng4 26.Rh1 Re8 27.Kb2 Qe5 28.Qb4+ Re7
29.Rh7 Ke8 30.Ba4+ Kd8 31.Rh4 a6 32.Rxg4 Bxg4 33.Qxg4 g5 34.Qf3 Kc7 35.Bb3 Qc5
36.g4 Kb6 37.a4 Ka7 38.Qf6 Qe5 39.Qf2+ Qe3 40.Qf6 Qe5 41.Qf2+ Kb8 42.Qb6 Rc7
43.Qd4 Qxd4 44.cxd4 a5 45.Be6 Rc6 46.Bd5 Rd6 47.c4 Rb6+ 48.Ka3 Rb4 49.Bf7 Kc7
50.Bg8 b6 51.Bf7 Kd6 52.Bg8 Rb1 53.Bh7 Rd1  0-1

[Event "TCh-ISR"]
[Site "Israel ISR"]
[Date "2008.01.04"]
[Round "2"]
[White "Cohen,O"]
[Black "Chernomordik,P"]
[Result "0-1"]
[WhiteElo "2302"]
[BlackElo "2279"]

1.e4 g6 2.d4 Bg7 3.Nc3 d6 4.f4 a6 5.Nf3 b5 6.Bd3 Nd7 7.d5 Bb7 8.O-O c6 9.dxc6 Bxc6
10.Kh1 Nc5 11.e5 b4 12.Ne2 Nxd3 13.cxd3 Nh6 14.Ned4 Bd5 15.Qa4+ Qd7 16.Qxb4 O-O
17.Qa5 Qb7 18.Bd2 Rfd8 19.Bc3 dxe5 20.fxe5 Bxe5 21.Nf5 Nxf5 22.Bxe5 Ne3 23.Rf2 Ng4
24.Raf1 Nxf2+ 25.Rxf2 Qb5 26.Qxb5 axb5 27.a3 Bxf3 28.gxf3 Rxd3 29.Kg2 f6
30.Bc3 Kf7 31.Re2 e5 32.Re4 Ke6 33.f4 Kf5 34.Rb4 exf4 35.Rxb5+ Kg4 36.Bxf6 Rd2+
37.Kg1 Re8  0-1